[Event "TCh-CZE Div1 Zapad 2012-13"]
[Site "Czech Republic CZE"]
[Date "2012.12.09"]
[Round "4.8"]
[White "Kratochvil,Ja"]
[Black "Chalupa,I"]
[Result "1/2-1/2"]
[WhiteElo "2140"]
[BlackElo "2167"]
[WhiteTeam "TJ Pankrac"]
[BlackTeam "SK Sokol Vysehrad"]
[WhiteFideId "321001"]
[BlackFideId "318833"]
[EventDate "2012.10.28"]

1. e4 e5 2. Nf3 Nc6 3. Bb5 a6 4. Ba4 Nf6 5. O-O Be7 6. Re1 b5 7. Bb3 O-O 8. h3
Bb7 9. d3 d6 10. a3 Nb8 11. Nc3 c5 12. Bg5 Nbd7 13. Qe2 h6 14. Bh4 Nb6 15. Bg3
Nh7 16. a4 b4 17. Nb1 a5 18. Nbd2 Ng5 19. Nxg5 Bxg5 20. Nc4 Kh8 21. h4 Bf6 22.
Qh5 Nxc4 23. Bxc4 Qe7 24. Bd5 Bxd5 25. exd5 Qb7 26. Qf3 Be7 27. h5 f5 28. b3 Rf7
29. Bh2 Raf8 30. Re2 Qd7 31. Qh3 Bf6 32. Rae1 Bg5 33. f4 exf4 34. Qf3 Qb7 35.
Re6 Re7 36. Bxf4 Rxe6 37. Rxe6 Bxf4 38. Qxf4 Qxd5 39. Rxh6+ gxh6 40. Qxh6+ 1/2-1/2

[Event "TCh-CZE Div1 Zapad 2012-13"]
[Site "Czech Republic CZE"]
[Date "2012.12.09"]
[Round "4.1"]
[White "Bernasek,J"]
[Black "Nun,Ji"]
[Result "1-0"]
[WhiteTitle "IM"]
[BlackTitle "IM"]
[WhiteElo "2506"]
[BlackElo "2376"]
[WhiteTeam "SK ERA Postovni sporitelna"]
[BlackTeam "TJ Slavia Hradec Kralove"]
[WhiteFideId "311995"]
[BlackFideId "300179"]
[EventDate "2012.10.28"]

1. d4 Nf6 2. Nf3 e6 3. c4 b6 4. g3 Bb7 5. Bg2 Be7 6. O-O O-O 7. Nc3 d5 8. Ne5
Na6 9. Bf4 c5 10. cxd5 exd5 11. Rc1 Nc7 12. dxc5 bxc5 13. Nc4 Rb8 14. Bxc7 Qxc7
15. Nxd5 Bxd5 16. Bxd5 Rbd8 17. e4 Nxe4 18. Re1 Nf6 19. Ne3 Rd7 20. Qf3 Nxd5 21.
Nxd5 Qd8 22. Rcd1 Bd6 23. Re2 f5 24. Red2 Rff7 25. Qb3 Kh8 26. Ne3 Rf6 27. Nc4
h6 28. Rd5 f4 29. Qd3 fxg3 30. hxg3 Qf8 31. Nxd6 Rxf2 32. Nf7+ Rdxf7 33. Rd8
Rf1+ 34. Rxf1 Rxf1+ 35. Kg2 Rf2+ 36. Kh3 1-0

[Event "TCh-CZE Div1 Zapad 2012-13"]
[Site "Czech Republic CZE"]
[Date "2012.12.09"]
[Round "4.3"]
[White "Vavra,P1"]
[Black "Kraus,To"]
[Result "1-0"]
[WhiteTitle "IM"]
[WhiteElo "2376"]
[BlackElo "2290"]
[WhiteTeam "SK ERA Postovni sporitelna"]
[BlackTeam "TJ Slavia Hradec Kralove"]
[WhiteFideId "301841"]
[BlackFideId "331708"]
[EventDate "2012.10.28"]

1. d4 c5 2. e3 Nf6 3. Nf3 g6 4. c3 b6 5. dxc5 bxc5 6. e4 Bb7 7. e5 Nd5 8. Bd3
Bg7 9. Be4 e6 10. c4 Ne3 11. Qd3 Nxg2+ 12. Kf1 Nc6 13. Kxg2 f5 14. exf6 Qxf6 15.
Qd6 Rf8 16. Bg5 Qf7 17. Nbd2 Rc8 18. Rhe1 h6 19. Bh4 g5 20. Bg3 Bf6 21. Re2 h5
22. Ne5 Bxe5 23. Bxe5 g4 24. Bg3 Ba8 25. Qxc5 Ne7 26. Qxa7 Bxe4+ 27. Rxe4 Nf5
28. Rf1 h4 29. Rxg4 Qh5 30. Re4 hxg3 31. fxg3 Rh8 32. Nf3 Qh3+ 33. Kf2 Qh7 34.
Rfe1 Qg7 35. g4 Nh4 36. Rxe6+ Kd8 37. Qa5+ Rc7 38. Qa8+ Rc8 39. Re8+ Rxe8 40.
Rxe8+ Kxe8 41. Qxc8+ Ke7 42. Qc5+ 1-0

[Event "TCh-CZE Div1 Zapad 2012-13"]
[Site "Czech Republic CZE"]
[Date "2012.12.09"]
[Round "4.4"]
[White "Prymula,R"]
[Black "Rehorek,M"]
[Result "0-1"]
[WhiteTitle "FM"]
[WhiteElo "2263"]
[BlackElo "2304"]
[WhiteTeam "TJ Slavia Hradec Kralove"]
[BlackTeam "SK ERA Postovni sporitelna"]
[WhiteFideId "301574"]
[BlackFideId "303704"]
[EventDate "2012.10.28"]

1. d4 Nf6 2. c3 d6 3. Bg5 Nbd7 4. Nd2 e5 5. e4 Be7 6. Bc4 O-O 7. Ngf3 h6 8. Bh4
exd4 9. Bxf6 Bxf6 10. Nxd4 Ne5 11. Be2 c5 12. N4f3 Ng6 13. O-O d5 14. exd5 Qxd5
15. Nc4 Qxd1 16. Rfxd1 Nf4 17. Bf1 Bg4 18. Rd2 Bxf3 19. gxf3 Rfd8 20. Rad1 Rxd2
21. Rxd2 Rd8 22. Rxd8+ Bxd8 23. Nd6 b6 24. Bc4 Ne6 25. f4 g6 26. f5 gxf5 27.
Nxf5 h5 28. Kg2 Bc7 29. Ng3 Nf4+ 30. Kf3 Kg7 31. h4 Kf6 32. Ne4+ Ke7 33. Ng3 Ng6
34. Nxh5 Ne5+ 0-1

[Event "TCh-CZE Div1 Zapad 2012-13"]
[Site "Czech Republic CZE"]
[Date "2012.12.09"]
[Round "4.5"]
[White "Kovar,V"]
[Black "Ringel,Z"]
[Result "1-0"]
[WhiteElo "2263"]
[BlackElo "2266"]
[WhiteTeam "SK ERA Postovni sporitelna"]
[BlackTeam "TJ Slavia Hradec Kralove"]
[WhiteFideId "314943"]
[BlackFideId "313521"]
[EventDate "2012.10.28"]

1. d4 Nf6 2. c4 d6 3. Nf3 Nbd7 4. Nc3 e5 5. e4 Be7 6. Be2 O-O 7. O-O c6 8. h3 a6
9. Be3 b5 10. b4 Re8 11. d5 cxd5 12. cxd5 Nb6 13. Nd2 Nfd7 14. a4 bxa4 15. Nxa4
Bg5 16. Qb3 Bb7 17. Nb2 f5 18. f3 Bxe3+ 19. Qxe3 f4 20. Qf2 Qb8 21. Nb3 Rc8 22.
Rfc1 Rxc1+ 23. Rxc1 Qa7 24. Rc7 Qb8 25. Rc2 Nc8 26. Na5 Ne7 27. Nbc4 Bc8 28. Nc6
Nxc6 29. dxc6 Qxb4 30. cxd7 Bxd7 31. Nb6 Qb1+ 32. Kh2 a5 33. Bc4+ 1-0

[Event "TCh-CZE Div1 Zapad 2012-13"]
[Site "Czech Republic CZE"]
[Date "2012.12.09"]
[Round "4.6"]
[White "Hala,B"]
[Black "Kuba,J"]
[Result "0-1"]
[WhiteElo "2251"]
[BlackElo "2210"]
[WhiteTeam "TJ Slavia Hradec Kralove"]
[BlackTeam "SK ERA Postovni sporitelna"]
[WhiteFideId "306215"]
[BlackFideId "318248"]
[EventDate "2012.10.28"]

1. d4 d5 2. Nf3 Nf6 3. c4 e6 4. Nc3 Be7 5. cxd5 exd5 6. Bg5 O-O 7. e3 c6 8. Qc2
Bg4 9. Ne5 Nbd7 10. Nxg4 Nxg4 11. Bf4 Bh4 12. g3 Be7 13. Be2 Ngf6 14. O-O-O b5
15. g4 b4 16. Na4 Qa5 17. Kb1 Ne4 18. Bd3 Nxf2 19. Qxf2 Qxa4 20. Bc2 Qb5 21. g5
c5 22. Qh4 g6 23. dxc5 Nxc5 24. Rxd5 Rad8 25. Rhd1 Rxd5 26. Rxd5 Qc6 27. Rd1 Ne6
28. Qg4 Rc8 29. Rc1 a5 30. h4 a4 31. Qd1 a3 32. Be5 Rd8 33. Qe2 Qc5 34. Bg3 Rc8
35. Qd2 Rd8 36. Qe1 axb2 37. Kxb2 Qa5 38. Bb3 Nc5 39. Rxc5 Qxc5 40. Qf2 Rf8 41.
Qf4 Qc3+ 42. Kb1 Bc5 43. Bf2 Qd3+ 44. Bc2 Qd2 45. Qf6 b3 46. axb3 Ba3 47. Be4
Rd8 0-1

[Event "TCh-CZE Div1 Zapad 2012-13"]
[Site "Czech Republic CZE"]
[Date "2012.12.09"]
[Round "4.8"]
[White "Novak,Rad"]
[Black "Nguyen,Thai Dai Van"]
[Result "1/2-1/2"]
[WhiteElo "2132"]
[BlackElo "2069"]
[WhiteTeam "TJ Slavia Hradec Kralove"]
[BlackTeam "SK ERA Postovni sporitelna"]
[WhiteFideId "327298"]
[BlackFideId "358878"]
[EventDate "2012.10.28"]

1. d4 Nf6 2. c4 g6 3. Nc3 d5 4. e3 Bg7 5. Nf3 O-O 6. cxd5 Nxd5 7. Bc4 Nxc3 8.
bxc3 c5 9. O-O Qc7 10. Qe2 Bg4 11. Bd3 e5 12. Ba3 Re8 13. Bb5 Nc6 14. dxe5 Bxe5
15. h3 Bxf3 16. Qxf3 Qa5 17. Bxc6 bxc6 18. Bc1 Bxc3 19. Rb1 Qxa2 20. Rb7 Qe6 21.
Ba3 c4 22. Rd1 Rad8 23. Rxd8 Rxd8 24. Rxa7 Qd5 25. Qxd5 cxd5 26. Kf1 d4 27. exd4
Re8 28. Re7 Rxe7 29. Bxe7 Bxd4 30. Ke2 f5 31. Bg5 Kf7 32. Be3 Be5 33. Bc5 Ke6
34. f3 Kd5 35. Be3 Bd4 36. Bg5 h5 37. Kd2 Ke5 38. Kc2 f4 39. Bh6 Kf5 40. Bf8 Kg5
41. Be7+ Kf5 42. Bb4 g5 43. Be7 g4 44. hxg4+ hxg4 45. Bd8 gxf3 46. gxf3 Be5 47.
Be7 Kg6 48. Bd8 Kf5 49. Kd2 Ke6 50. Bb6 Kd5 51. Kc2 Bd4 52. Bd8 Ke6 53. Kd2 Kf5
54. Kc2 Be5 55. Be7 Bd4 56. Bd8 Be5 57. Be7 Bd4 1/2-1/2

[Event "TCh-CZE Div1 Zapad 2012-13"]
[Site "Czech Republic CZE"]
[Date "2012.12.09"]
[Round "4.1"]
[White "Pribyl,Jo"]
[Black "Hrabusa,M"]
[Result "1/2-1/2"]
[WhiteTitle "IM"]
[WhiteElo "2314"]
[BlackElo "2330"]
[WhiteTeam "SK Holdia DP Praha B"]
[BlackTeam "2222 SK Polabiny A"]
[WhiteFideId "300187"]
[BlackFideId "14908042"]
[EventDate "2012.10.28"]

1. c4 c5 2. Nf3 Nc6 3. Nc3 g6 4. g3 Bg7 5. Bg2 d6 6. O-O Qd7 7. a3 b6 8. b4 Bb7
9. Rb1 Nh6 10. e3 Nf5 11. Nd5 e6 12. Nf4 O-O 13. Bb2 Ne5 14. d3 Rac8 15. Nxe5
dxe5 16. Bxb7 Qxb7 17. Ne2 Rfd8 18. e4 Ne7 19. b5 f5 20. f3 Rd7 21. Qc2 Rcd8 22.
Rbd1 Qc7 23. Bc1 h6 24. h4 Kh7 25. Be3 Ng8 26. Kg2 Nf6 27. a4 Nh5 28. Rd2 f4 29.
gxf4 Nxf4+ 30. Bxf4 exf4 31. Rh1 Bd4 32. Nxd4 Rxd4 33. Kf1 Qe5 34. Ke2 R4d7 35.
Rdd1 Qh5 36. Qc3 Rd4 37. Qc1 Qe5 38. Rd2 Qd6 39. Qc3 Rg8 40. Kd1 Qe5 41. Kc2 Qh5
42. Rf2 g5 43. Qe1 g4 44. fxg4 Qxg4 45. Qf1 e5 46. h5 Rg5 47. Qe2 Qxe2+ 48. Rxe2
Rg3 49. Rd2 Kg7 50. a5 Kf6 51. axb6 axb6 52. Ra1 Kg5 53. Ra7 f3 54. Rf7 Kxh5 55.
Rf2 Kg4 56. Kd2 h5 57. Ke3 h4 58. Rf6 h3 59. Rxb6 Rd7 60. Rg6+ Kh4 61. Rh6+ Kg5
62. Rh8 Rf7 63. Rg8+ Kh4 64. Rh8+ Kg4 65. Rg8+ Kh4 66. Rh8+ Kg4 67. Rg8+ Kh4 68.
Rh8+ Kg4 1/2-1/2

[Event "TCh-CZE Div1 Zapad 2012-13"]
[Site "Czech Republic CZE"]
[Date "2012.12.09"]
[Round "4.2"]
[White "Novotny,M1"]
[Black "Kourousis,E"]
[Result "0-1"]
[WhiteTitle "FM"]
[WhiteElo "2274"]
[BlackElo "2354"]
[WhiteTeam "2222 SK Polabiny A"]
[BlackTeam "SK Holdia DP Praha B"]
[WhiteFideId "310980"]
[BlackFideId "4211626"]
[EventDate "2012.10.28"]

1. e4 c6 2. d4 d5 3. e5 Bf5 4. Nc3 e6 5. g4 Bg6 6. Nge2 f6 7. h4 Nd7 8. h5 Bf7
9. f4 fxe5 10. dxe5 Bc5 11. Ng3 Qc7 12. Qe2 O-O-O 13. Bd2 Ne7 14. O-O-O a6 15.
Bh3 g5 16. Rde1 Bd4 17. Nf5 exf5 18. gxf5 g4 19. Bxg4 Nf6 20. exf6 Bxf6 21. Qxe7
Bxe7 22. f6+ Kb8 23. Rxe7 Qd6 24. Rxf7 d4 25. Ne4 Qd5 26. Re7 Qxa2 27. Kd1 Qb1+
28. Bc1 d3 29. cxd3 Qxd3+ 30. Nd2 Qg3 31. Be2 Qxf4 32. Rf1 Qa4+ 33. Ke1 Qc2 34.
Kf2 Rxd2 35. Bxd2 Qxd2 36. Kg3 Rg8+ 37. Bg4 Rxg4+ 38. Kxg4 Qg2+ 39. Kf5 Qxf1+
40. Ke6 Qc4+ 41. Kd7 Qd4+ 0-1

[Event "TCh-CZE Div1 Zapad 2012-13"]
[Site "Czech Republic CZE"]
[Date "2012.12.09"]
[Round "4.3"]
[White "Michalek,J"]
[Black "Nemec,Pa"]
[Result "1-0"]
[WhiteTitle "IM"]
[WhiteElo "2308"]
[BlackElo "2211"]
[WhiteTeam "SK Holdia DP Praha B"]
[BlackTeam "2222 SK Polabiny A"]
[WhiteFideId "303976"]
[BlackFideId "301965"]
[EventDate "2012.10.28"]

1. e4 c5 2. Nf3 d6 3. d4 cxd4 4. Nxd4 Nf6 5. Nc3 a6 6. Bc4 e6 7. Bb3 Nbd7 8. Qe2
Nc5 9. Bg5 Be7 10. f4 h6 11. Bxf6 Bxf6 12. O-O-O Qc7 13. Kb1 Nxb3 14. axb3 O-O
15. g4 b5 16. h4 Qc5 17. e5 Bb7 18. b4 Qxb4 19. Na2 Qc5 20. Rhg1 dxe5 21. g5
hxg5 22. hxg5 exd4 23. gxf6 g6 24. Rg5 Qb6 25. Qh5 1-0

[Event "TCh-CZE Div1 Zapad 2012-13"]
[Site "Czech Republic CZE"]
[Date "2012.12.09"]
[Round "4.4"]
[White "Bujnoch,R"]
[Black "Freisler,P"]
[Result "0-1"]
[BlackTitle "IM"]
[WhiteElo "2207"]
[BlackElo "2313"]
[WhiteTeam "2222 SK Polabiny A"]
[BlackTeam "SK Holdia DP Praha B"]
[WhiteFideId "313300"]
[BlackFideId "301477"]
[EventDate "2012.10.28"]

1. e4 Nf6 2. e5 Nd5 3. d4 d6 4. Nf3 g6 5. Bc4 c6 6. O-O Bg7 7. Re1 O-O 8. Nc3
Nxc3 9. bxc3 Bg4 10. Bf4 dxe5 11. Bxe5 Nd7 12. Bxg7 Kxg7 13. h3 Bxf3 14. Qxf3 e6
15. a4 a5 16. Bb3 Qc7 17. c4 c5 18. d5 e5 19. c3 Qd6 20. Bc2 f5 21. Rab1 b6 22.
Qg3 Rae8 23. Rb2 Qf6 24. Bb1 Rf7 25. Rbe2 Rfe7 26. Qd3 e4 27. Qd2 Ne5 28. Ba2
Nd3 29. Rb1 Nxf2 30. d6 e3 31. Qd5 Rd7 32. Rxb6 f4 33. Qxc5 Red8 34. Rxf2 exf2+
35. Qxf2 Rxd6 36. c5 Rxb6 37. cxb6 Qxc3 38. Qxf4 Qc5+ 39. Kh2 Qxb6 40. Qf7+ Kh6
41. Bc4 Qd6+ 42. Kg1 Rf8 43. Qa7 Rf4 44. Qe3 g5 45. Bb5 Qd4 46. Qxd4 Rxd4 47.
Kf2 Kg6 48. Ke3 Rb4 49. Kd3 Kf5 50. Kc3 Kf4 51. Bd7 h5 52. Be8 h4 53. Bd7 Kg3
54. Bc6 Kf2 55. Kd3 g4 56. hxg4 Rxg4 0-1

[Event "TCh-CZE Div1 Zapad 2012-13"]
[Site "Czech Republic CZE"]
[Date "2012.12.09"]
[Round "4.5"]
[White "Bednar,Ma"]
[Black "Lahner,J"]
[Result "1/2-1/2"]
[BlackTitle "FM"]
[WhiteElo "2270"]
[BlackElo "2291"]
[WhiteTeam "SK Holdia DP Praha B"]
[BlackTeam "2222 SK Polabiny A"]
[WhiteFideId "331007"]
[BlackFideId "313360"]
[EventDate "2012.10.28"]

1. d4 d5 2. c4 e6 3. Nc3 Bb4 4. Nf3 dxc4 5. Bg5 Ne7 6. Qa4+ Nbc6 7. Bxe7 Qxe7 8.
Ne5 Bd7 9. Nxd7 Qxd7 10. e3 Qd5 11. a3 Bxc3+ 12. bxc3 b5 13. Qc2 O-O 14. e4 Qd7
15. Be2 e5 16. dxe5 Nxe5 17. Rd1 Qe7 18. O-O Rad8 19. a4 c6 20. f4 Nd3 21. Bxd3
cxd3 22. Qb1 Qxe4 23. axb5 cxb5 24. Qxb5 Qe3+ 25. Kh1 Rfe8 26. h3 d2 27. Qa5 Qd3
28. Kh2 Qe2 29. Qxa7 Re3 30. Qb6 Rde8 31. Qd4 Rd3 32. Rf2 Rxd4 33. Rxe2 Rxe2 34.
cxd4 f5 35. Kg3 Re3+ 36. Kf2 Rd3 37. Ke2 Rxd4 38. Ke3 Re4+ 39. Kf3 Rd4 40. Ke3
Re4+ 41. Kf3 Rd4 42. Ke3 Re4+ 43. Kf3 1/2-1/2

[Event "TCh-CZE Div1 Zapad 2012-13"]
[Site "Czech Republic CZE"]
[Date "2012.12.09"]
[Round "4.6"]
[White "Machan,J"]
[Black "Tuma,Ja"]
[Result "0-1"]
[BlackTitle "FM"]
[WhiteElo "2078"]
[BlackElo "2275"]
[WhiteTeam "2222 SK Polabiny A"]
[BlackTeam "SK Holdia DP Praha B"]
[WhiteFideId "334774"]
[BlackFideId "305553"]
[EventDate "2012.10.28"]

1. d4 Nf6 2. Nf3 g6 3. g3 Bg7 4. Bg2 O-O 5. O-O d6 6. c4 c6 7. Nc3 Qa5 8. Qc2 d5
9. cxd5 cxd5 10. Ne5 Bf5 11. Qb3 Nc6 12. Nxc6 bxc6 13. Qb7 Bd7 14. Bf4 Qb6 15.
Qxb6 axb6 16. Be5 Ne8 17. Bxg7 Kxg7 18. Rac1 Nd6 19. Rfd1 f5 20. e3 g5 21. Bf1
f4 22. exf4 gxf4 23. Re1 e6 24. Bh3 Nf5 25. Rcd1 Rf6 26. Re5 Nd6 27. b3 Nf7 28.
Re2 Ng5 29. Bg4 fxg3 30. hxg3 h5 31. Bxh5 Rh8 32. Bg4 Rfh6 33. f4 Rh1+ 34. Kf2
Ne4+ 35. Nxe4 Rxd1 36. Ng5 Rh2+ 37. Ke3 Rxe2+ 38. Kxe2 Ra1 39. Bxe6 Rxa2+ 40.
Kd3 Be8 41. Nf3 Kf6 42. Bc8 Ra8 43. Bh3 Bg6+ 44. Kc3 Ra2 45. Ne5 Rc2+ 46. Kb4
c5+ 47. dxc5 bxc5+ 48. Kb5 Be8+ 49. Bd7 Ke7 50. Bxe8 Kxe8 51. b4 c4 52. Kc5 Rd2
53. Nf3 c3 0-1

[Event "TCh-CZE Div1 Zapad 2012-13"]
[Site "Czech Republic CZE"]
[Date "2012.12.09"]
[Round "4.7"]
[White "Adamek,Z"]
[Black "Kozusek,Daniel"]
[Result "0-1"]
[WhiteElo "2254"]
[BlackElo "2043"]
[WhiteTeam "SK Holdia DP Praha B"]
[BlackTeam "2222 SK Polabiny A"]
[WhiteFideId "305065"]
[BlackFideId "349500"]
[EventDate "2012.10.28"]

1. d4 d5 2. c4 c6 3. Nf3 Nf6 4. e3 Nbd7 5. Bd3 dxc4 6. Bxc4 b5 7. Bd3 a6 8. O-O
e6 9. e4 Bb7 10. Nc3 c5 11. d5 c4 12. Bc2 Qc7 13. Qe2 O-O-O 14. dxe6 fxe6 15.
Bg5 h6 16. Bh4 Bd6 17. Rfd1 g5 18. Bg3 Bxg3 19. hxg3 h5 20. Nxg5 Nc5 21. b4 Rdg8
22. Qe3 Ng4 23. Qf4 Qg7 24. bxc5 Qxg5 25. Qxg5 Rxg5 26. Rd6 Re8 27. f4 Rxc5 28.
e5 Ne3 29. Be4 b4 30. Bxb7+ Kxb7 31. Ne4 Rc7 32. Rc1 Nf5 33. Rdd1 a5 34. Kf2 c3
35. Nd6+ Nxd6 36. exd6 Rd7 37. Rd4 Rc8 38. Ke3 Rc5 39. Rd3 Kc6 40. a3 Rxd6 0-1

[Event "TCh-CZE Div1 Zapad 2012-13"]
[Site "Czech Republic CZE"]
[Date "2012.12.09"]
[Round "4.8"]
[White "Rydl,Jiri"]
[Black "Cesal,J"]
[Result "0-1"]
[BlackTitle "FM"]
[WhiteElo "1982"]
[BlackElo "2199"]
[WhiteTeam "2222 SK Polabiny A"]
[BlackTeam "SK Holdia DP Praha B"]
[WhiteFideId "346390"]
[BlackFideId "300900"]
[EventDate "2012.10.28"]

1. e4 g6 2. d4 Bg7 3. f4 d5 4. e5 c5 5. c3 cxd4 6. cxd4 Nc6 7. Nc3 Nh6 8. Be2
O-O 9. Be3 f6 10. Nf3 fxe5 11. fxe5 Bg4 12. Ng5 Bxe2 13. Qxe2 Qd7 14. O-O-O Rac8
15. Kb1 a6 16. Ka1 b5 17. h4 b4 18. Na4 Qg4 19. Nf3 Nf5 20. Qd3 Qxg2 21. Ng5 Qg3
22. Rh3 Qg4 23. Bg1 Ncxd4 24. Bxd4 Nxd4 25. Rg3 Qxh4 26. Rgg1 Rf4 27. Nb6 Rd8
28. Kb1 Rg4 29. Rxg4 Qxg4 30. Qxd4 Qxg5 31. Nxd5 Kh8 32. Qb6 e6 33. Ne3 Rxd1+
34. Nxd1 Qf5+ 35. Ka1 h5 36. Qxb4 Qc2 37. Nc3 Qc1+ 38. Nb1 Bxe5 39. Qf8+ Kh7 40.
Qf7+ Bg7 41. Qf2 e5 42. a4 e4 43. Ka2 e3 44. Qe2 Qxb2+ 0-1

[Event "TCh-CZE Div1 Zapad 2012-13"]
[Site "Czech Republic CZE"]
[Date "2012.12.09"]
[Round "4.1"]
[White "Kulhanek,T"]
[Black "Stocek,J"]
[Result "0-1"]
[WhiteTitle "IM"]
[BlackTitle "GM"]
[WhiteElo "2387"]
[BlackElo "2557"]
[WhiteTeam "1. Novoborsky SK B"]
[BlackTeam "JOLY Lysa nad Labem B"]
[WhiteFideId "309656"]
[BlackFideId "304760"]
[EventDate "2012.10.28"]

1. e4 c5 2. Nf3 e6 3. d3 Nf6 4. Nbd2 d6 5. g3 b5 6. a4 b4 7. Bg2 Bb7 8. O-O Be7
9. e5 dxe5 10. Nxe5 Bxg2 11. Kxg2 O-O 12. Ndc4 Nd5 13. f4 Nd7 14. Qg4 Rc8 15.
Bd2 N7f6 16. Qf3 Ne8 17. Rae1 f6 18. Ng4 Rc6 19. f5 exf5 20. Nge3 Nec7 21. Nxf5
Ra6 22. Bf4 Nxf4+ 23. Qxf4 Re8 24. Nce3 Bf8 25. Qc4+ Rae6 26. Ng4 Qd5+ 27. Qxd5
Nxd5 28. Rxe6 Rxe6 29. Kf3 b3 30. cxb3 Rb6 31. Ke4 Nc7 32. d4 g6 33. Nfh6+ Kg7
34. dxc5 Rb4+ 35. Kd3 f5 36. Nxf5+ gxf5 37. Ne3 Rxb3+ 38. Ke2 Rxb2+ 39. Kf3 Kg6
40. Rd1 Bxc5 0-1

[Event "TCh-CZE Div1 Zapad 2012-13"]
[Site "Czech Republic CZE"]
[Date "2012.12.09"]
[Round "4.2"]
[White "Sergeev,Vl"]
[Black "Klima,L"]
[Result "0-1"]
[WhiteTitle "GM"]
[BlackTitle "IM"]
[WhiteElo "2475"]
[BlackElo "2339"]
[WhiteTeam "JOLY Lysa nad Labem B"]
[BlackTeam "1. Novoborsky SK B"]
[WhiteFideId "14101076"]
[BlackFideId "307548"]
[EventDate "2012.10.28"]

1. g3 c5 2. Bg2 Nc6 3. e4 d6 4. d3 g6 5. Nc3 Bg7 6. Nh3 e6 7. O-O Nge7 8. Be3
O-O 9. Qd2 e5 10. Kh1 Rb8 11. a3 Nd4 12. f4 f6 13. b4 b6 14. Rab1 Be6 15. Nd5
Nxd5 16. exd5 Bxh3 17. Bxh3 f5 18. fxe5 Bxe5 19. a4 f4 20. Bxf4 Bxf4 21. Rxf4
Rxf4 22. Qxf4 Qf8 23. Qxf8+ Rxf8 24. c3 Ne2 25. bxc5 bxc5 26. a5 Kg7 27. Be6
Nxc3 28. Rb7+ Kf6 29. Rxh7 Ke5 30. Rxa7 Nxd5 31. Bf7 g5 32. a6 Nb4 33. Bc4 d5
34. Bb5 Kd4 35. Rg7 Nxd3 36. Bxd3 Kxd3 37. Rxg5 Kc4 38. Kg2 d4 39. Rg7 d3 40.
Rd7 Kc3 41. g4 d2 42. g5 Kc2 43. h4 d1=Q 44. Rxd1 Kxd1 45. g6 c4 46. h5 Rg8 47.
a7 c3 48. h6 c2 49. h7 Rxg6+ 50. Kf3 c1=Q 51. h8=Q Qc6+ 52. Ke3 Rg3+ 0-1

[Event "TCh-CZE Div1 Zapad 2012-13"]
[Site "Czech Republic CZE"]
[Date "2012.12.09"]
[Round "4.3"]
[White "Kochetkova,J"]
[Black "Meduna,E1"]
[Result "1/2-1/2"]
[WhiteTitle "WGM"]
[BlackTitle "GM"]
[WhiteElo "2304"]
[BlackElo "2416"]
[WhiteTeam "1. Novoborsky SK B"]
[BlackTeam "JOLY Lysa nad Labem B"]
[WhiteFideId "4139690"]
[BlackFideId "300055"]
[EventDate "2012.10.28"]

1. e4 c6 2. d4 d5 3. Nc3 dxe4 4. Nxe4 Nd7 5. Bd3 Ngf6 6. Ng5 e6 7. Qe2 Bd6 8.
N1f3 h6 9. Ne4 Nxe4 10. Qxe4 Nf6 11. Qe2 b6 12. Bd2 Bb7 13. O-O-O Qc7 14. Ne5
O-O-O 15. Rhe1 Kb8 16. g3 Ka8 17. Nc4 Be7 18. Bf4 Qc8 19. Be5 c5 20. dxc5 Bxc5
21. Kb1 Qc6 22. Nd2 Be7 23. a3 Bd6 24. Bxd6 Rxd6 25. Ne4 Rdd8 26. Nxf6 gxf6 27.
Be4 Qxe4 28. Rxd8+ Rxd8 29. Qxe4 Bxe4 30. Rxe4 Rd1+ 31. Ka2 Rd2 32. Rf4 f5 33.
Kb3 Kb7 34. Kc3 Rd8 35. Rd4 Rxd4 36. Kxd4 f6 37. c4 Kc6 38. b4 e5+ 39. Ke3 Kd6
40. Kf3 Ke6 41. h3 h5 42. Ke3 Kd6 43. f3 a5 44. g4 fxg4 45. hxg4 hxg4 46. fxg4
axb4 47. axb4 Kd7 48. Ke4 Ke6 49. Ke3 Kd6 50. Ke4 1/2-1/2

[Event "TCh-CZE Div1 Zapad 2012-13"]
[Site "Czech Republic CZE"]
[Date "2012.12.09"]
[Round "4.4"]
[White "Priehoda,V"]
[Black "Kucera,P1"]
[Result "1/2-1/2"]
[WhiteTitle "IM"]
[BlackTitle "FM"]
[WhiteElo "2414"]
[BlackElo "2379"]
[WhiteTeam "JOLY Lysa nad Labem B"]
[BlackTeam "1. Novoborsky SK B"]
[WhiteFideId "14900122"]
[BlackFideId "300551"]
[EventDate "2012.10.28"]

1. e4 e6 2. d4 d5 3. Nc3 Nf6 4. e5 Nfd7 5. f4 c5 6. Nf3 Nc6 7. Be3 cxd4 8. Nxd4
Bb4 9. a3 Bxc3+ 10. bxc3 Qa5 11. Qd2 Nxd4 12. cxd4 Qxd2+ 13. Bxd2 Nb6 14. Rb1
Bd7 15. Ba5 Bc6 16. Bxb6 axb6 17. Kd2 Rxa3 18. Bd3 Kd7 19. Rxb6 Rha8 20. Rhb1
Kc7 21. h4 h5 22. f5 Rf8 23. fxe6 fxe6 24. Ke3 Rf7 25. R6b3 Rxb3 26. Rxb3 Be8
27. Ra3 Kb8 28. Ra1 Rf8 29. Rf1 Rh8 30. Kf4 Kc7 31. Kg5 Kd8 32. Rb1 Kc7 33. Rf1
Kd8 34. Ra1 Rf8 35. Ra8+ Ke7 36. Rb8 Rf2 37. Rxb7+ Kf8 38. Rb8 Rxg2+ 39. Kf4 Ke7
40. Rb7+ Kf8 41. Rb8 Ke7 42. Rb7+ 1/2-1/2

[Event "TCh-CZE Div1 Zapad 2012-13"]
[Site "Czech Republic CZE"]
[Date "2012.12.09"]
[Round "4.6"]
[White "Suran,J"]
[Black "Vaculik,M"]
[Result "1-0"]
[WhiteTitle "FM"]
[BlackTitle "FM"]
[WhiteElo "2360"]
[BlackElo "2277"]
[WhiteTeam "JOLY Lysa nad Labem B"]
[BlackTeam "1. Novoborsky SK B"]
[WhiteFideId "305782"]
[BlackFideId "310751"]
[EventDate "2012.10.28"]

1. e4 e6 2. d4 d5 3. Nd2 Nf6 4. e5 Nfd7 5. c3 c5 6. Bd3 Nc6 7. Ne2 cxd4 8. cxd4
f6 9. exf6 Qxf6 10. Nf3 h6 11. O-O Bd6 12. Ng3 O-O 13. Bc2 Rf7 14. Nh5 Qd8 15.
Re1 Nf8 16. Bd2 Bd7 17. Bc3 Rc8 18. a3 a6 19. Ng3 Be8 20. Qe2 Rf4 21. Rad1 g5
22. Qe3 b5 23. Bb1 a5 24. Ne2 b4 25. axb4 axb4 26. Bd2 Rf7 27. h3 Bb8 28. Nc1
Qc7 29. Nb3 Rf4 30. Rc1 Bh5 31. Ne5 Qd6 32. Nxc6 Re4 33. Qg3 Rxe1+ 34. Bxe1 Qxc6
35. Rxc6 Bxg3 36. Rxc8 1-0

[Event "TCh-CZE Div1 Zapad 2012-13"]
[Site "Czech Republic CZE"]
[Date "2012.12.09"]
[Round "4.7"]
[White "Kucera,P3"]
[Black "Neckar,L"]
[Result "0-1"]
[BlackTitle "IM"]
[WhiteElo "2202"]
[BlackElo "2360"]
[WhiteTeam "1. Novoborsky SK B"]
[BlackTeam "JOLY Lysa nad Labem B"]
[WhiteFideId "333840"]
[BlackFideId "300705"]
[EventDate "2012.10.28"]

1. d4 d5 2. c4 e6 3. Nc3 Be7 4. Nf3 Nf6 5. cxd5 exd5 6. Bg5 c6 7. Qc2 g6 8. e3
Bf5 9. Bd3 Bxd3 10. Qxd3 Nbd7 11. O-O O-O 12. Nd2 Re8 13. Rab1 a5 14. f3 Qb6 15.
Kh1 Rad8 16. a3 Nh5 17. Bxe7 Rxe7 18. Rfc1 Ng7 19. b4 axb4 20. axb4 Nf5 21. Nf1
Rde8 22. Nd1 Re6 23. g3 Qd8 24. b5 Nb6 25. bxc6 bxc6 26. g4 Nh4 27. f4 Nc4 28.
Qe2 g5 29. f5 Re4 30. Ng3 Rxd4 31. e4 Rd2 32. Qf1 Qf6 33. Rxc4 dxc4 34. Ne3 c3
35. Nc4 Qd4 36. Nxd2 cxd2 37. Rd1 Qe3 38. Qe2 Rxe4 0-1